Statistics for Top 10 Most Populous U.S. Cities Starting With K

Click here to take the quiz!

General Stats

  • This quiz has been taken 39 times
  • The average score is 6 of 10

Answer Stats

StateAnswerPopulation% Correct
MissouriKansas City509 k
97%
KansasKansas City150 k
97%
TennesseeKnoxville200 k
74%
WashingtonKent132 k
69%
WisconsinKenosha96 k
63%
TexasKilleen163 k
60%
FloridaKissimmee80 k
49%
WashingtonKennewick84 k
37%
WashingtonKirkland92 k
31%
FloridaKendall78 k
11%

Score Distribution

Percentile by Number Answered

Percent of People with Each Score

Your Score History

You have not taken this quiz